000 00482nam a2200169Ia 4500
005 20240124153720.0
008 220601s9999 xx 000 0 und d
020 _a9780195985412
_qpbk
040 _aRDA
_c3228
082 _aTSO JF VUKE
100 _aVukela Pinky
_9136986
245 0 _aMphikizano wa van wamburi
260 _aCape town;
_bOxford university press,
_c2009
300 _a31 pages;
_c20 cm
942 _w561
_xJohn Tresidder
_y163
_zKhulile Ngwenya
942 _cBK
_2ddc
999 _c663755
_d663754